[Event "Gelsenkirchen Silvester op 5th"]
[Site "Gelsenkirchen"]
[Date "2017.12.28"]
[Round "3"]
[White "Raabe, Stefan"]
[Black "Bretz, Christoph"]
[Result "1-0"]
[WhiteElo "1864"]
[BlackElo "1697"]
[PlyCount "46"]
[EventDate "2017.12.27"]
[EventType "swiss"]
[EventRounds "5"]
[EventCountry "GER"]
[SourceTitle "CBM 182 Extra"]
[Source "ChessBase"]
[SourceDate "2018.02.23"]
[SourceVersion "1"]
[SourceVersionDate "2018.02.23"]
[SourceQuality "1"]

1. e4 c5 2. Nf3 Nc6 3. d4 cxd4 4. Nxd4 g6 5. c3 Bg7 6. Be3 d6 7. Nd2 Nf6 8. f3 Bd7 9. Nc4 d5 10. exd5 Nxd5 11. Bf2 Rc8 12. Nb5 Be6 13. Qa4 0-0 14. Qc2 Bf5 15. Qd2 a6 16. Nd4 Nxd4 17. Bxd4 e5 18. Bf2 e4 19. 0-0-0 e3 20. Nxe3 Nxc3 21. bxc3 Rxc3+ 22. Qxc3 Bxc3 23. Rxd8 Rxd8 1-0

[Event "Rheinland Pfalz op 4th"]
[Site "Altenkirchen"]
[Date "2012.06.08"]
[Round "4"]
[White "Ronge, Tim Hendrick"]
[Black "Bretz, Christoph"]
[Result "0-1"]
[WhiteElo "1193"]
[BlackElo "1678"]
[PlyCount "85"]
[EventDate "2012.06.07"]
[EventType "swiss"]
[EventRounds "7"]
[EventCountry "GER"]
[SourceTitle "CBM 148 Extra"]
[Source "ChessBase"]
[SourceDate "2012.06.22"]
[SourceVersion "1"]
[SourceVersionDate "2012.06.22"]
[SourceQuality "1"]

1. d4 d5 2. c4 Nf6 3. cxd5 Nxd5 4. e4 Nf6 5. Bd3 Nc6 6. e5 Nd5 7. Nf3 Bg4 8. Bb5 e6 9. Nc3 Be7 10. Qc2 Ndb4 11. Qd1 a6 12. Bxc6+ Nxc6 13. Be3 0-0 14. Qd2 Qd7 15. Rd1 Rad8 16. h3 Bh5 17. g4 Bg6 18. a3 Na5 19. Qe2 Nb3 20. h4 Qc6 21. h5 Be4 22. Rh3 Rd7 23. h6 g6 24. Nxe4 Qxe4 25. Rd3 Na5 26. Nd2 Qd5 27. f4 Nc6 28. g5 Rfd8 29. Qf3 Qb5 30. Rb3 Qa4 31. Qf2 Nxd4 32. Bxd4 Rxd4 33. Rxb7 Bc5 34. Rhb3 Bb6 35. Qg2 Qa5 36. Rc3 Kf8 37. Rc2 Qa4 38. b3 Qxa3 39. Nc4 Qxb3 40. Nxb6 Rd1+ 41. Ke2 Qxc2+ 42. Kf3 R1d3+ 43. Kg4 0-1